[Event "Bundesliga 2022-23"]
[Site "Bremen GER"]
[Date "2022.11.27"]
[Round "4.2"]
[Board "7"]
[White "Palac, Mladen"]
[Black "Gustafsson, Jan"]
[Result "1/2-1/2"]
[WhiteTitle "GM"]
[BlackTitle "GM"]
[WhiteElo "2516"]
[BlackElo "2638"]
[WhiteTeam "SK Kirchweyhe"]
[BlackTeam "OSG Baden-Baden"]
[WhiteFideId "14500116"]
[BlackFideId "4625498"]
[EventDate "2022.10.22"]

1. e4 e5 2. Nf3 Nc6 3. Bb5 a6 4. Ba4 Nf6 5. O-O Be7 6. d3 b5 7. Bb3 O-O 8. Nc3
d6 9. a3 Na5 10. Ba2 Be6 11. b4 Bxa2 12. Rxa2 Nc6 13. Bg5 h6 14. Bxf6 Bxf6 15.
Nd5 Nd4 16. Nxd4 exd4 17. a4 c6 18. Nxf6+ Qxf6 19. Qa1 Rab8 20. axb5 axb5 1/2-1/2

[Event "Bundesliga 2022-23"]
[Site "Bremen GER"]
[Date "2022.11.27"]
[Round "4.2"]
[Board "8"]
[White "Movsesian, Sergei"]
[Black "Zelcic, Robert"]
[Result "1/2-1/2"]
[WhiteTitle "GM"]
[BlackTitle "GM"]
[WhiteElo "2619"]
[BlackElo "2495"]
[WhiteTeam "OSG Baden-Baden"]
[BlackTeam "SK Kirchweyhe"]
[WhiteFideId "310204"]
[BlackFideId "14500310"]
[EventDate "2022.10.22"]

1. e4 c6 2. d4 d5 3. e5 c5 4. dxc5 e6 5. a3 Bxc5 6. Qg4 Ne7 7. Bd3 Nbc6 8. Nf3
Ng6 9. O-O O-O 10. Qh5 Qc7 11. Nc3 a6 12. Ne2 h6 13. b4 Ba7 14. Bb2 Nce7 15. Qg4
Bd7 16. h4 Rfc8 17. h5 Nf8 18. Ned4 Nc6 19. Rae1 Qd8 20. Bc1 f5 21. exf6 Qxf6
22. Nxc6 Bxc6 23. Bf4 Bb5 24. Be5 Qf7 25. Re2 Rc4 26. Bd4 Bxd4 27. Nxd4 Qf6 28.
Bxc4 Bxc4 29. Re3 Bxf1 30. Kxf1 Re8 31. c3 Qf7 32. Kg1 Qf6 33. a4 Re7 34. Qg3
Qf7 35. Qe5 Nd7 36. Qd6 Nf8 37. Rf3 Qe8 38. a5 Rf7 39. Re3 Qa4 40. f3 Qd7 41.
Qxd7 Rxd7 42. Nb3 Rd6 43. Nc5 b6 44. axb6 Rxb6 45. Re1 d4 46. cxd4 Rxb4 47. Nxe6
Nxe6 48. Rxe6 Rxd4 49. Rxa6 Rd5 50. g4 Rd2 51. Kf1 Kf7 52. Ke1 Rb2 53. Rd6 Ra2
54. Rd2 Ra7 55. Kf2 Rb7 56. Ke3 Ra7 57. Ke4 Rb7 58. Rd5 Ra7 59. Kf5 Rb7 60. f4
Ra7 61. Rc5 Rb7 62. Ke5 Re7+ 63. Kf5 Ra7 64. Rb5 Rc7 65. Ra5 Rb7 66. Ra4 Rc7 67.
Ke4 Rb7 68. g5 hxg5 69. fxg5 Rb8 70. Ra7+ Kg8 71. Rd7 Ra8 72. Ke5 Kf8 73. Ke6
Ra6+ 74. Rd6 Ra8 75. Rc6 Rd8 76. Rc7 Ra8 77. Kd7 Kf7 78. Kd6+ Kf8 79. Ke6 Rb8
80. Kf5 Kg8 81. Ke6 Kf8 82. g6 Re8+ 83. Kd6 Rd8+ 84. Rd7 Rxd7+ 85. Kxd7 Kg8 86.
Ke7 Kh8 87. h6 Kg8 88. h7+ Kh8 1/2-1/2

[Event "Bundesliga 2022-23"]
[Site "Muelheim GER"]
[Date "2022.11.27"]
[Round "4.3"]
[Board "1"]
[White "Navara, David"]
[Black "Narayanan, S.L."]
[Result "1-0"]
[WhiteTitle "GM"]
[BlackTitle "GM"]
[WhiteElo "2676"]
[BlackElo "2663"]
[WhiteTeam "SV Muelheim Nord"]
[BlackTeam "SV Deggendorf"]
[WhiteFideId "309095"]
[BlackFideId "5058422"]
[EventDate "2022.10.22"]

1. e4 e5 2. Nf3 Nc6 3. Bc4 Bc5 4. d3 Nf6 5. O-O d6 6. c3 a5 7. Re1 Ba7 8. Nbd2
O-O 9. Nf1 Be6 10. Bb5 Ne7 11. Ng3 c6 12. Ba4 Ng6 13. d4 exd4 14. cxd4 d5 15. e5
Ne4 16. Bc2 Bg4 17. Nxe4 dxe4 18. Rxe4 Bxf3 19. Qxf3 Bxd4 20. Qf5 c5 21. Be3
Bxb2 22. Rd1 Bd4 23. Bxd4 cxd4 24. Rexd4 Qe7 25. Rd7 Qxe5 26. Rxb7 Rad8 27. Qxe5
Nxe5 28. Rxd8 Rxd8 29. f4 Nd7 30. Ra7 g6 31. g3 Rc8 32. Bb3 a4 33. Bxa4 Nc5 34.
Bb5 Ne6 35. a4 Rc2 36. Bd3 Rd2 37. Bc4 Nd4 38. Bxf7+ Kh8 39. Bd5 Ne2+ 40. Kf1
Nxf4 41. Bf7 Nd3 42. Rd7 Rf2+ 43. Kg1 Rf3 44. Bd5 Re3 45. a5 Nb4 46. Bc4 Rc3 47.
Bb5 Rc5 48. Rb7 Rc1+ 49. Bf1 Nd5 50. Kf2 Rc2+ 51. Kf3 Nc7 52. Bd3 Rc6 53. Ke4 h5
54. Rb6 Rc5 55. a6 1-0

[Event "Bundesliga 2022-23"]
[Site "Muelheim GER"]
[Date "2022.11.27"]
[Round "4.3"]
[Board "2"]
[White "Sedlak, Nikola"]
[Black "Nguyen, Thai Dai Van"]
[Result "1/2-1/2"]
[WhiteTitle "GM"]
[BlackTitle "GM"]
[WhiteElo "2472"]
[BlackElo "2634"]
[WhiteTeam "SV Deggendorf"]
[BlackTeam "SV Muelheim Nord"]
[WhiteFideId "922900"]
[BlackFideId "358878"]
[EventDate "2022.10.22"]

1. d4 Nf6 2. Nf3 d5 3. Bf4 c5 4. e3 e6 5. Nbd2 Qb6 6. Rb1 Bd6 7. dxc5 Qxc5 8. b4
Qc7 9. Bxd6 Qxd6 10. c4 O-O 11. Be2 b6 12. O-O a5 13. bxa5 Rxa5 14. cxd5 Qxd5
15. Rxb6 Ba6 16. Bxa6 Nxa6 17. Rb2 Rxa2 18. Rxa2 Qxa2 19. Qa1 Qxa1 20. Rxa1 Nc7
21. Kf1 1/2-1/2

[Event "Bundesliga 2022-23"]
[Site "Muelheim GER"]
[Date "2022.11.27"]
[Round "4.3"]
[Board "3"]
[White "Moiseenko, Alexander"]
[Black "Delchev, Aleksander"]
[Result "1-0"]
[WhiteTitle "GM"]
[BlackTitle "GM"]
[WhiteElo "2582"]
[BlackElo "2503"]
[WhiteTeam "SV Muelheim Nord"]
[BlackTeam "SV Deggendorf"]
[WhiteFideId "14102560"]
[BlackFideId "2900394"]
[EventDate "2022.10.22"]

1. d4 d5 2. c4 dxc4 3. Nf3 Nf6 4. e3 Bg4 5. Bxc4 e6 6. h3 Bh5 7. Nc3 c5 8. g4
Bg6 9. h4 cxd4 10. exd4 Bb4 11. h5 Be4 12. g5 Nd5 13. Bd2 Bxc3 14. bxc3 Nb6 15.
Be2 Nc6 16. Rh4 Bd5 17. h6 g6 18. Nh2 f5 19. gxf6 Qxf6 20. Rh3 O-O 21. Ng4 Qf5
22. Bd3 Be4 23. Bxe4 Qxe4+ 24. Qe2 Qxe2+ 25. Kxe2 Nd5 26. Rb1 b6 27. Kd3 Rf5 28.
Re1 Kf7 29. Rg3 Rd8 30. a4 Nf6 31. Nxf6 Kxf6 32. f4 Rh5 33. Rge3 Rd6 34. Bc1 Na5
35. c4 Rh2 36. Ba3 Rc6 37. d5 Rxc4 38. Rxe6+ Kf5 39. R6e5+ Kg4 40. Rg5+ Kxf4 41.
Bd6+ Kxg5 42. Bxh2 Rxa4 43. d6 Nb7 44. Re7 Nc5+ 45. Kc3 Kxh6 46. Bg1 g5 47. Bxc5
bxc5 48. Re2 Ra3+ 49. Kc4 Ra4+ 50. Kxc5 Ra1 51. Re4 Rc1+ 52. Kd5 Rc8 53. d7 Rd8
54. Kd6 Kg6 55. Re8 Rxd7+ 56. Kxd7 Kf5 57. Kd6 h5 58. Kd5 Kf4 59. Kd4 h4 60.
Re4+ Kf3 61. Re3+ Kf2 62. Ke4 g4 63. Ra3 h3 64. Kf4 h2 65. Ra2+ Kg1 66. Kg3
h1=N+ 67. Kxg4 Nf2+ 68. Kf3 Nd3 69. Ke3 Ne5 70. Rxa7 Ng4+ 71. Kf4 Nh2 72. Ra1+
Kg2 73. Ra2+ Kg1 74. Kg3 Nf1+ 75. Kh3 Ne3 76. Re2 Nf1 77. Rg2+ Kh1 78. Rg8 Nd2
79. Kg3 Kg1 80. Rf8 Nf1+ 81. Kf3 Nh2+ 82. Ke2 Kg2 83. Rg8+ Kh3 84. Kf2 Ng4+ 85.
Kf3 Ne5+ 86. Kf4 Nd3+ 87. Ke4 Ne1 88. Rg1 Ng2 89. Kf3 Nh4+ 90. Kf2 Nf5 91. Rg5
Nh4 92. Rg3+ Kh2 93. Ra3 Nf5 94. Kf3 Nh4+ 95. Kg4 Ng2 96. Rh3+ Kg1 97. Kf3 Ne1+
98. Ke2 Ng2 99. Rh8 Nf4+ 100. Kf3 Nd3 101. Rf8 Ne1+ 102. Ke2 Ng2 103. Rf3 Kh2
104. Kf2 Nh4 105. Ra3 Ng2 106. Kf3 Ne1+ 107. Kg4 Kg2 108. Ra2+ Kf1 109. Rd2 Kg1
110. Kf4 Kf1 111. Ke3 Ng2+ 112. Kf3 Ne1+ 113. Kg3 Kg1 114. Rf2 Nd3 115. Rf7 Ne1
116. Rf8 1-0

[Event "Bundesliga 2022-23"]
[Site "Muelheim GER"]
[Date "2022.11.27"]
[Round "4.3"]
[Board "4"]
[White "Stojanovic, Dalibor"]
[Black "Dardha, Daniel"]
[Result "1/2-1/2"]
[WhiteTitle "GM"]
[BlackTitle "GM"]
[WhiteElo "2472"]
[BlackElo "2610"]
[WhiteTeam "SV Deggendorf"]
[BlackTeam "SV Muelheim Nord"]
[WhiteFideId "922692"]
[BlackFideId "240990"]
[EventDate "2022.10.22"]

1. e4 c6 2. d4 d5 3. Nd2 dxe4 4. Nxe4 Nf6 5. Nxf6+ exf6 6. Be3 Bd6 7. Bd3 Na6 8.
a3 O-O 9. Ne2 Nc7 10. c4 Re8 11. O-O Be6 12. Nf4 g6 13. Qf3 f5 14. Rad1 Qf6 15.
b4 Rad8 16. b5 cxb5 17. c5 Bxf4 18. Bxf4 Rxd4 19. Qg3 Rxf4 20. Qxf4 Nd5 21. Qd2
a6 22. Rfe1 Rc8 23. Rc1 Qd4 24. Red1 Kg7 25. Be2 Qxd2 26. Rxd2 Nb6 27. Bf3 Nc4
28. Rd4 Rc7 29. a4 Kf6 30. axb5 axb5 31. Rb1 Rxc5 32. Bxb7 Ke7 33. h3 g5 34. Ba6
Nd6 35. Rxd6 Kxd6 36. Bxb5 h5 37. f3 h4 38. Be2 Rc2 39. Kf1 Ra2 40. Rb8 Ra1+ 41.
Kf2 Ra2 42. Kf1 Ra4 43. Rb2 Kc5 44. Kf2 Kd4 45. Rd2+ Ke5 46. Rb2 Bd5 47. Bd1 Ra3
48. Be2 f6 49. Rd2 Rc3 50. Rb2 Kd4 51. Rd2+ Ke5 52. Rb2 Bb3 53. Rd2 Ba4 54. Rb2
Bc6 55. Ra2 f4 56. Rb2 f5 57. Ra2 Bb7 58. Bf1 Bd5 59. Rb2 Ra3 60. Be2 Bc6 61.
Rc2 Bd7 62. Rb2 Rc3 63. Ra2 Be6 64. Rb2 Bd5 65. Rd2 g4 66. hxg4 fxg4 67. fxg4
Rg3 68. Bf1 Rxg4 69. Rb2 Rg3 70. Rb8 f3 71. gxf3 Rxf3+ 72. Kg1 h3 73. Rb2 Be4
74. Rf2 Rc3 75. Kh2 Bf5 76. Ba6 Kf6 77. Bb7 Kg5 78. Bd5 Rc7 79. Ba8 Rc2 80. Rxc2
Bxc2 1/2-1/2

[Event "Bundesliga 2022-23"]
[Site "Muelheim GER"]
[Date "2022.11.27"]
[Round "4.3"]
[Board "5"]
[White "Neiksans, Arturs"]
[Black "Bogosavljevic, Boban"]
[Result "1-0"]
[WhiteTitle "GM"]
[BlackTitle "GM"]
[WhiteElo "2594"]
[BlackElo "2533"]
[WhiteTeam "SV Muelheim Nord"]
[BlackTeam "SV Deggendorf"]
[WhiteFideId "11601388"]
[BlackFideId "931152"]
[EventDate "2022.10.22"]

1. e4 c5 2. Nf3 Nc6 3. Bb5 g6 4. Bxc6 dxc6 5. d3 Bg7 6. h3 b6 7. O-O e5 8. a3 a5
9. Be3 Ne7 10. Nbd2 a4 11. Nc4 O-O 12. Ncxe5 h6 13. Bd2 g5 14. Bc3 Be6 15. Ng4
Ng6 16. Bxg7 Kxg7 17. e5 Bxg4 18. hxg4 Qd7 19. Nh2 Nxe5 20. Re1 Rfe8 21. Re4 Ng6
22. Nf1 Rxe4 23. dxe4 Rd8 24. Ne3 Qxd1+ 25. Rxd1 Rxd1+ 26. Nxd1 Ne5 27. Ne3 b5
28. Kf1 Kf6 29. Ke2 Ke6 30. Kd2 c4 31. f3 f6 32. Nf5 c5 33. Kc3 Ng6 34. Ne3 Nf4
35. Kd2 Ke5 36. g3 Ne6 37. c3 Nd8 38. Nd5 Nc6 39. Ke3 Ke6 40. f4 Kf7 41. Nc7 Ke7
42. Nxb5 Kd7 43. Kf3 Nd8 44. e5 fxe5 45. fxe5 Kc6 46. Ke4 Kxb5 47. Kd5 Nc6 48.
Kd6 1-0

[Event "Bundesliga 2022-23"]
[Site "Muelheim GER"]
[Date "2022.11.27"]
[Round "4.3"]
[Board "6"]
[White "Popovic, Dusan"]
[Black "Vrolijk, Liam"]
[Result "1/2-1/2"]
[WhiteTitle "GM"]
[BlackTitle "IM"]
[WhiteElo "2486"]
[BlackElo "2483"]
[WhiteTeam "SV Deggendorf"]
[BlackTeam "SV Muelheim Nord"]
[WhiteFideId "927031"]
[BlackFideId "1048333"]
[EventDate "2022.10.22"]

1. e4 e5 2. Nf3 Nc6 3. g3 d5 4. exd5 Qxd5 5. Nc3 Qd6 6. Bg2 Bg4 7. h3 Bh5 8. g4
Bg6 9. Nh4 O-O-O 10. d3 Nd4 11. Be3 Ne7 12. Ne4 Bxe4 13. Bxe4 Nd5 14. c3 Nxe3
15. fxe3 Be7 16. Nf5 Nxf5 17. Bxf5+ Kb8 18. Qf3 Bh4+ 19. Kd2 g6 20. Be4 Rhf8 21.
Kc2 f5 22. gxf5 gxf5 23. Bxf5 Qxd3+ 24. Bxd3 Rxf3 25. Raf1 Rxe3 26. Bxh7 Re2+
27. Kb1 a5 28. Rd1 Rxd1+ 29. Rxd1 Re1 30. Rxe1 Bxe1 1/2-1/2

[Event "Bundesliga 2022-23"]
[Site "Muelheim GER"]
[Date "2022.11.27"]
[Round "4.3"]
[Board "7"]
[White "Zelbel, Patrick"]
[Black "Dudin, Gleb"]
[Result "1-0"]
[WhiteTitle "IM"]
[BlackTitle "IM"]
[WhiteElo "2456"]
[BlackElo "2471"]
[WhiteTeam "SV Muelheim Nord"]
[BlackTeam "SV Deggendorf"]
[WhiteFideId "24624322"]
[BlackFideId "34184934"]
[EventDate "2022.10.22"]

1. e4 e5 2. Nf3 Nc6 3. d4 exd4 4. Nxd4 Bc5 5. Nb3 Bb6 6. Nc3 d6 7. Bf4 Nge7 8.
Qd2 a5 9. Bb5 O-O 10. O-O-O Be6 11. h4 Na7 12. Ba4 Ng6 13. Bg5 f6 14. Be3 Bxe3
15. Qxe3 Ne5 16. Nxa5 b5 17. Bb3 Qd7 18. Qe2 c6 19. Bxe6+ Nf7 20. a3 Qxe6 21. f4
Rfb8 22. Nb3 Nc8 23. Nd4 Qe8 24. Qg4 Nh6 25. Qe6+ Qxe6 26. Nxe6 Ng4 27. Rhe1 b4
28. axb4 Rxb4 29. b3 Ra7 30. Kb2 Re7 31. Nd4 Rc7 32. Nf5 Rd7 33. Rd4 Rb8 34. g3
g6 35. Ne3 Nxe3 36. Rxe3 Re7 37. Re2 Kf7 38. Rc4 Rb6 39. Ra4 Ra7 40. Rd2 Ke6 41.
Rdd4 f5 42. Rxa7 Nxa7 43. Ra4 Rb7 44. Kc1 Rc7 45. Kd2 fxe4 46. Nxe4 Nb5 47. g4
d5 48. Ng5+ Kd6 49. Ra8 h6 50. Nh3 Nd4 51. Rh8 h5 52. gxh5 gxh5 53. Rxh5 Re7 54.
Kd3 Ne2 55. Rh6+ Kc5 56. f5 Ng3 57. f6 Re1 58. f7 Rf1 59. Ng5 1-0

[Event "Bundesliga 2022-23"]
[Site "Muelheim GER"]
[Date "2022.11.27"]
[Round "4.3"]
[Board "8"]
[White "Kuznecovs, Nikita"]
[Black "Hausrath, Daniel"]
[Result "0-1"]
[WhiteTitle "FM"]
[BlackTitle "GM"]
[WhiteElo "2301"]
[BlackElo "2465"]
[WhiteTeam "SV Deggendorf"]
[BlackTeam "SV Muelheim Nord"]
[WhiteFideId "11604557"]
[BlackFideId "4617495"]
[EventDate "2022.10.22"]

1. Nf3 Nf6 2. g3 g6 3. c4 Bg7 4. Bg2 O-O 5. O-O d6 6. d4 c6 7. Nc3 Qa5 8. h3 Qa6
9. b3 b5 10. Nd2 Bb7 11. Bb2 Nbd7 12. Qc2 Rfc8 13. Kh2 bxc4 14. bxc4 Nb6 15. Qb3
Rab8 16. a4 Qa5 17. Rab1 Ba6 18. Ba1 c5 19. d5 Nbd7 20. Qc2 Rb4 21. Nb5 Qxa4 22.
Qxa4 Rxa4 23. Nxa7 Re8 24. Nb5 Bxb5 25. Rxb5 Ra2 26. Rd1 Ng4+ 27. hxg4 Bxa1 28.
Rb3 Rb8 29. Rxb8+ Nxb8 30. Bf1 Nd7 31. f4 Nf6 32. Kh3 Bc3 33. g5 Bxd2 34. gxf6
exf6 35. Kg2 h5 36. Rb1 Bb4 37. Kf3 f5 38. e3 Ra3 39. Rd1 Kf8 40. Bd3 Ke7 41.
Ke2 Ra2+ 42. Kf3 Kd8 43. Rc1 Kc7 44. Rc2 Ra3 45. Bf1 Bc3 46. Kf2 Kb6 47. Re2 Kc7
48. Kg2 Bf6 49. Kf3 g5 50. fxg5 Bxg5 51. Bh3 Rc3 52. Bxf5 Rxc4 53. Rh2 Rc3 54.
Rxh5 Bxe3 55. Rh7 Bd4+ 56. Ke4 Rxg3 57. Rxf7+ Kb6 58. Rd7 Be5 59. Rd8 Kb5 60.
Rb8+ Kc4 61. Bc8 Rg1 62. Ba6+ Kc3 63. Rc8 Re1+ 64. Kf5 Kd4 65. Bb7 Rf1+ 66. Ke6
Rf6+ 67. Ke7 Rh6 68. Kd7 c4 69. Ba6 c3 70. Bc4 Rh1 71. Ke6 c2 0-1

[Event "Bundesliga 2022-23"]
[Site "Muelheim GER"]
[Date "2022.11.27"]
[Round "4.4"]
[Board "1"]
[White "Harikrishna, Pentala"]
[Black "Jones, Gawain C B"]
[Result "0-1"]
[WhiteTitle "GM"]
[BlackTitle "GM"]
[WhiteElo "2717"]
[BlackElo "2626"]
[WhiteTeam "SG Solingen"]
[BlackTeam "Muenchener Schachclub 1836"]
[WhiteFideId "5007003"]
[BlackFideId "409561"]
[EventDate "2022.10.22"]

1. d4 Nf6 2. Nf3 g6 3. g3 Bg7 4. Bg2 c5 5. dxc5 Qa5+ 6. Nfd2 Qxc5 7. Nb3 Qc7 8.
Nc3 d6 9. O-O Nc6 10. e4 Bg4 11. Qe1 Qc8 12. Bg5 h6 13. Be3 Bh3 14. Bxh3 Qxh3
15. f3 O-O 16. Nd5 Rfc8 17. c3 Nxd5 18. exd5 Ne5 19. Qe2 Nc4 20. Bd4 Qf5 21.
Rad1 Rc7 22. Bxg7 Kxg7 23. Rd4 Qe5 24. Re1 Qxe2 25. Rxe2 a5 26. a4 b5 27. axb5
Rb8 28. Nd2 Nxb2 29. c4 Rbc8 30. Rde4 Kf8 31. c5 Rxc5 32. Rxe7 Rxb5 33. Ra7 Rxd5
34. Ree7 Rc1+ 35. Kg2 Rf5 36. g4 Rf4 37. h4 Nd3 38. Re3 Rd4 39. Ne4 Kg7 40. g5
Nf4+ 41. Kg3 Nh5+ 42. Kf2 hxg5 43. hxg5 a4 44. Ra3 Rdd1 45. R3xa4 Nf4 46. Ra2 d5
47. Nd6 Nh3+ 48. Ke3 Nxg5 49. Rg2 Re1+ 50. Kf4 Ne6+ 51. Kg3 Nc7 52. Rh2 Re7 53.
Nb5 Kf6 54. Nd4 Rg1+ 55. Kf2 Rc1 56. Kg3 Ne6 57. Ra6 Rg1+ 58. Kf2 Rd1 59. Rh4
Kg7 60. Nb5 Nc5 61. Ra2 Nd3+ 62. Kg3 Rg1+ 63. Kh2 Ree1 64. Rd4 Ne5 65. Rf2 Rh1+
66. Kg3 Reg1+ 67. Rg2 Rf1 68. Rf2 Rhg1+ 69. Kh2 Rh1+ 70. Kg3 Rhg1+ 71. Kh2 Rxf2+
72. Kxg1 Rxf3 73. Rxd5 Rf5 74. Kh1 Rh5+ 75. Kg2 Nd3 76. Rxh5 Nf4+ 77. Kf3 Nxh5
78. Ke4 Kf6 79. Nc7 Kg5 80. Nd5 Nf6+ 0-1

[Event "Bundesliga 2022-23"]
[Site "Muelheim GER"]
[Date "2022.11.27"]
[Round "4.4"]
[Board "2"]
[White "Saric, Ivan"]
[Black "Ragger, Markus"]
[Result "1/2-1/2"]
[WhiteTitle "GM"]
[BlackTitle "GM"]
[WhiteElo "2668"]
[BlackElo "2632"]
[WhiteTeam "Muenchener Schachclub 1836"]
[BlackTeam "SG Solingen"]
[WhiteFideId "14508150"]
[BlackFideId "1610856"]
[EventDate "2022.10.22"]

1. e4 e5 2. Nf3 Nc6 3. Bb5 a6 4. Ba4 Nf6 5. O-O Be7 6. d3 b5 7. Bb3 d6 8. a3 Na5
9. Ba2 c5 10. Nc3 Be6 11. Nh4 O-O 12. Nf5 Bxf5 13. exf5 d5 14. Qf3 Nc6 15. Nxd5
Nd4 16. Nxf6+ Bxf6 17. Qd1 Nxf5 18. c3 Ne7 19. Re1 Qd7 20. Qf3 Rac8 21. a4 Rc6
22. axb5 axb5 23. Bb1 Rd6 24. g3 Rc8 25. h4 Qc6 26. Qe4 Qxe4 27. dxe4 Rb8 28.
Be3 c4 29. Bc2 Nc8 30. Red1 Be7 31. f4 Rxd1+ 32. Rxd1 exf4 33. Bxf4 Rb7 34. e5
Nb6 35. Be4 Rd7 36. Ra1 Na4 37. Bc6 Rd8 38. Ra2 Rd1+ 39. Kg2 Rb1 40. Bxb5 Rxb2+
41. Rxb2 Nxb2 42. Be3 Bd8 43. Bd4 Ba5 44. Kf3 Nd1 45. Bxc4 Bxc3 46. e6 fxe6 47.
Bxe6+ Kh8 48. Bc5 g6 49. Bb3 Nb2 50. Ke3 h5 51. Ke4 Kg7 52. Be3 Kh7 53. Kd5 Kg7
54. Bc2 Kf7 55. Bh6 Kf6 56. Bf4 Kf7 57. Bb3 Kg7 58. Ke4 Kh7 59. Bc1 Kg7 60. Bg5
Kh7 61. Be7 Kg7 62. Bd6 Bf6 63. Bf4 Bc3 64. Be3 Kh7 65. Bc5 Kg7 66. Ba3 Bf6 67.
Ke3 Be5 68. Kd2 Kf6 69. Kc2 g5 70. Bxb2 1/2-1/2

[Event "Bundesliga 2022-23"]
[Site "Muelheim GER"]
[Date "2022.11.27"]
[Round "4.4"]
[Board "3"]
[White "Tari, Aryan"]
[Black "Indjic, Aleksandar"]
[Result "1/2-1/2"]
[WhiteTitle "GM"]
[BlackTitle "GM"]
[WhiteElo "2656"]
[BlackElo "2630"]
[WhiteTeam "SG Solingen"]
[BlackTeam "Muenchener Schachclub 1836"]
[WhiteFideId "1510045"]
[BlackFideId "911925"]
[EventDate "2022.10.22"]

1. d4 d5 2. c4 e6 3. Nf3 Nf6 4. g3 Bb4+ 5. Bd2 a5 6. Qa4+ Bd7 7. Qc2 dxc4 8.
Qxc4 Bc6 9. Bg2 Bd5 10. Qd3 Be4 11. Qe3 Nc6 12. O-O Bxf3 13. Bxf3 Nxd4 14. Bxb7
Rb8 15. Bxb4 axb4 16. Bg2 O-O 17. Qd3 b3 18. Na3 bxa2 19. Rxa2 Nb3 20. Qc2 c5
21. e3 Qa5 22. Rd1 h5 23. Bf1 Ng4 24. Bc4 Rfd8 25. Bxb3 Rxd1+ 26. Qxd1 Rxb3 27.
h3 Nxe3 28. fxe3 Rxe3 29. Kf2 Re5 30. Ra1 Qb4 31. Qd8+ Kh7 32. Qd3+ Rf5+ 33. Kg1
Qxb2 34. Rf1 Qd4+ 35. Qxd4 Rxf1+ 36. Kxf1 cxd4 37. Ke2 Kg6 38. Kd3 h4 39. g4 f5
40. gxf5+ Kxf5 41. Kxd4 Kf4 42. Nc4 Kg3 43. Ke3 Kxh3 44. Kf3 Kh2 1/2-1/2

[Event "Bundesliga 2022-23"]
[Site "Muelheim GER"]
[Date "2022.11.27"]
[Round "4.4"]
[Board "5"]
[White "Andersen, Mads"]
[Black "Prusikin, Michael"]
[Result "1/2-1/2"]
[WhiteTitle "GM"]
[BlackTitle "GM"]
[WhiteElo "2604"]
[BlackElo "2517"]
[WhiteTeam "SG Solingen"]
[BlackTeam "Muenchener Schachclub 1836"]
[WhiteFideId "1413864"]
[BlackFideId "4642325"]
[EventDate "2022.10.22"]

1. e4 e6 2. d4 d5 3. Nc3 Nf6 4. e5 Nfd7 5. Nce2 c5 6. c3 Nc6 7. Nf3 Be7 8. a3
Qb6 9. b4 cxd4 10. cxd4 f6 11. Be3 fxe5 12. Nxe5 O-O 13. Rb1 a5 14. Nxd7 Bxd7
15. b5 Nd8 16. Qa4 Rc8 17. Ng3 e5 18. Be2 Ne6 19. dxe5 d4 20. Bd2 d3 21. Bf3
Rxf3 22. gxf3 Nd4 23. Be3 Nxf3+ 24. Kd1 Qe6 25. Qb3 Qxb3+ 26. Rxb3 a4 27. Rxd3
Bxb5 28. Nf5 Bf8 29. Rd5 Bc6 30. Ra5 Nxe5 1/2-1/2

[Event "Bundesliga 2022-23"]
[Site "Muelheim GER"]
[Date "2022.11.27"]
[Round "4.4"]
[Board "6"]
[White "Horvath, Dominik"]
[Black "Van Wely, Loek"]
[Result "0-1"]
[WhiteTitle "IM"]
[BlackTitle "GM"]
[WhiteElo "2505"]
[BlackElo "2629"]
[WhiteTeam "Muenchener Schachclub 1836"]
[BlackTeam "SG Solingen"]
[WhiteFideId "1642561"]
[BlackFideId "1000268"]
[EventDate "2022.10.22"]

1. Nf3 Nf6 2. c4 c5 3. Nc3 e6 4. e4 Nc6 5. Be2 b6 6. O-O Bb7 7. d4 cxd4 8. Nxd4
Qb8 9. Nxc6 Bxc6 10. Qd3 Bc5 11. Be3 O-O 12. f4 e5 13. Bxc5 bxc5 14. f5 Qxb2 15.
g4 h6 16. h4 Nh7 17. g5 hxg5 18. hxg5 Nxg5 19. f6 gxf6 20. Rab1 Qa3 21. Rxf6 Kg7
22. Rbf1 Rg8 23. R6f5 Kh8 24. Kf2 Rg6 25. Rxe5 Rag8 26. Rh1+ Kg7 27. Rh5 Ne6 28.
Qd2 Kf8 29. Bf3 Nd4 30. Rhg5 d6 31. Rxg6 Rxg6 32. Rh5 Rf6 33. Rh3 Bxe4 34. Qg5
Qb2+ 0-1

[Event "Bundesliga 2022-23"]
[Site "Muelheim GER"]
[Date "2022.11.27"]
[Round "4.4"]
[Board "7"]
[White "Handke, Florian"]
[Black "Yankelevich, Lev"]
[Result "1-0"]
[WhiteTitle "GM"]
[BlackTitle "GM"]
[WhiteElo "2526"]
[BlackElo "2484"]
[WhiteTeam "SG Solingen"]
[BlackTeam "Muenchener Schachclub 1836"]
[WhiteFideId "4634527"]
[BlackFideId "24684074"]
[EventDate "2022.10.22"]

1. e4 e5 2. Nf3 Nc6 3. Bb5 a6 4. Ba4 Nf6 5. O-O Be7 6. d3 b5 7. Bb3 d6 8. a4 Bd7
9. Bd2 O-O 10. h3 b4 11. c3 Rb8 12. a5 bxc3 13. bxc3 Rb5 14. Na3 Rxa5 15. c4 Rc5
16. Nc2 Qb8 17. Ba4 Qc8 18. Nb4 Nd4 19. Bxd7 Qxd7 20. Rxa6 Nc6 21. Nd5 Bd8 22.
Qa4 Nb8 23. Be3 Rxd5 24. cxd5 Nxa6 25. Qxa6 Nh5 26. Rb1 f5 27. Rb8 Nf6 28. Qc4
h6 29. Rb7 g5 30. Bb6 Ne8 31. exf5 Qxf5 32. Rb8 Qd7 33. Ba5 Kg7 34. Nd2 h5 35.
Qc6 Qxc6 36. dxc6 Nf6 37. Ne4 Nd5 38. Nxd6 Ne7 39. Rb7 cxd6 40. Bxd8 Rxd8 41.
Rxe7+ Kf6 42. Rh7 Rc8 43. Rh6+ Ke7 44. Rxh5 Rxc6 45. Rxg5 Rc1+ 46. Kh2 Rc3 47.
Rg3 d5 48. h4 d4 49. h5 e4 50. dxe4 d3 51. h6 d2 52. h7 Rxg3 53. Kxg3 d1=Q 54.
h8=Q Qd6+ 55. e5 Qg6+ 56. Kh2 Qe4 57. Qf6+ Ke8 58. f3 Qe1 59. g4 Qf2+ 60. Kh3
Qe1 61. g5 Qh1+ 62. Kg4 Qg2+ 63. Kh5 Qh3+ 64. Kg6 Qh1 65. Qf7+ Kd8 66. e6 Qb1+
67. Kg7 Kc8 68. e7 Qb2+ 69. Kg8 1-0

[Event "Bundesliga 2022-23"]
[Site "Muelheim GER"]
[Date "2022.11.27"]
[Round "4.4"]
[Board "8"]
[White "Watson, William N"]
[Black "Naumann, Alexander"]
[Result "1/2-1/2"]
[WhiteTitle "GM"]
[BlackTitle "GM"]
[WhiteElo "2492"]
[BlackElo "2513"]
[WhiteTeam "Muenchener Schachclub 1836"]
[BlackTeam "SG Solingen"]
[WhiteFideId "400157"]
[BlackFideId "4623169"]
[EventDate "2022.10.22"]

1. e4 e5 2. Nf3 Nc6 3. Bb5 a6 4. Ba4 Nf6 5. O-O b5 6. Bb3 Bc5 7. c3 d6 8. d4 Bb6
9. h3 Bb7 10. Re1 h6 11. Be3 O-O 12. Nbd2 Re8 13. a3 exd4 14. cxd4 Na5 15. Bc2
Nxe4 16. Nxe4 Bxe4 17. Bxh6 Bxc2 18. Qxc2 Qf6 19. Bg5 Qg6 20. Qxg6 fxg6 21. Kf1
Nb3 22. Rad1 Rxe1+ 23. Kxe1 Re8+ 24. Kf1 a5 25. d5 a4 26. Bd2 Nxd2+ 27. Rxd2 Re4
28. Re2 Rc4 29. g3 Rc1+ 30. Kg2 Rd1 31. Ng5 Kf8 32. Ne6+ Kf7 33. Ng5+ Kf8 34.
Ne6+ Kf7 35. Ng5+ 1/2-1/2